Giáo trình chuyên ngành thanh nhạc Bậc Đại học (Soprano - Năm thứ Hai)

保存先:
書誌詳細
第一著者: Nguyễn, Trung Kiên
その他の著者: Bộ Văn hóa, Thể thao và Du lịch
フォーマット: 図書
言語:Undetermined
出版事項: H. Âm nhạc 2007
主題:
オンライン・アクセス:http://lrc.tdmu.edu.vn/opac/search/detail.asp?aID=2&ID=41641
タグ: タグ追加
タグなし, このレコードへの初めてのタグを付けませんか!
Thư viện lưu trữ: Trung tâm Học liệu Trường Đại học Thủ Dầu Một
LEADER 00796nam a2200217Ia 4500
001 TDMU_41641
008 210410s9999 xx 000 0 und d
082 |a 306.09597 
090 |b NG527 
100 |a Nguyễn, Trung Kiên 
245 0 |a Giáo trình chuyên ngành thanh nhạc 
245 0 |b Bậc Đại học (Soprano - Năm thứ Hai) 
245 0 |c Nguyễn Trung Kiên 
260 |a H. 
260 |b Âm nhạc 
260 |c 2007 
300 |a 152tr. 
650 |a Âm nhạc  |x Thanh nhạc  |x Giọng nữ  |v Giáo trình; Thanh nhạc  |x Soprano (Giọng nữ) 
700 |a Bộ Văn hóa, Thể thao và Du lịch 
856 |u http://lrc.tdmu.edu.vn/opac/search/detail.asp?aID=2&ID=41641 
980 |a Trung tâm Học liệu Trường Đại học Thủ Dầu Một